| 000 | 00402 a2200157 4500 | ||
|---|---|---|---|
| 003 | Nust | ||
| 005 | 20230221103047.0 | ||
| 040 | _cNust | ||
| 082 | _a297,GHA | ||
| 100 |
_aQazi Muhammad Zahid al- Haseni _9109296 |
||
| 245 |
_aDarse Qquran Majeed / _cQazi Muhammad Zahid al- Haseni |
||
| 260 |
_aattock _bdar-ul -irshad |
||
| 300 | _a224p; | ||
| 538 | _aAlmirah No.66, Shelf No.1 | ||
| 942 |
_2ddc _cBK |
||
| 999 |
_c194134 _d194134 |
||